Rozvojový región budúcnosti Tvrdí to aj Západ: Bratislava je na tom v Európe najlepšie
Nová vlna premiestňovania výroby v západnej Európe. Hľadanie najefektívnejších lokalít pre výrobu. Hodnotenie lokalít. Podkladom pre hodnotenie je databanka EAO empirica - Regional Monitor, ktorá obsahuje široký výber ukazovateľov zo 471 regiónov Európskej únie, EZVO a krajín strednej a východnej Eu...
Gespeichert in:
| 1. Verfasser: | |
|---|---|
| Format: | Buchkapitel |
| Sprache: | Slowakisch |
| Schlagworte: | |
| Tags: |
Keine Tags, Fügen Sie das erste Tag hinzu!
|
MARC
| LEADER | 00000naa a2200000 4500 | ||
|---|---|---|---|
| 001 | r024943 | ||
| 005 | 20221205090959.1 | ||
| 041 | 0 | |a slo | |
| 044 | |a SK | ||
| 245 | 1 | 0 | |a Rozvojový región budúcnosti |b Tvrdí to aj Západ: Bratislava je na tom v Európe najlepšie |c P. Kresánek |
| 520 | |a Nová vlna premiestňovania výroby v západnej Európe. Hľadanie najefektívnejších lokalít pre výrobu. Hodnotenie lokalít. Podkladom pre hodnotenie je databanka EAO empirica - Regional Monitor, ktorá obsahuje široký výber ukazovateľov zo 471 regiónov Európskej únie, EZVO a krajín strednej a východnej Európy. Pri posudzovaní lokality sa berie do úvahy viacero kľúčových ukazovateľov, ktorých základom je Koncepcia konkurenčnej spôsobilosti oblastí. Prednosti lokality Bratislavy a jej regiónu v komplexe všetkých skúmaných faktorov a pozícia v celoeurópskej štruktúre lokalít. | ||
| 610 | 2 | 0 | |a regióny |
| 610 | 2 | 0 | |a lokalizácia |
| 610 | 2 | 0 | |a rozmiestenie výroby |
| 610 | 2 | 0 | |a regionalizácia |
| 610 | 2 | 0 | |a Bratislava |
| 610 | 2 | 0 | |a rozmiestenie síl výrobných |
| 610 | 2 | 0 | |a kapacita výrobná |
| 610 | 2 | 0 | |a náklady výrobné |
| 610 | 2 | 0 | |a Európa |
| 610 | 2 | 0 | |a banky dát |
| 610 | 2 | 0 | |a EAO empirica |
| 610 | 2 | 0 | |a ukazovatele ekonomické |
| 100 | 1 | |a Kresánek, P. | |